Southville International School and Colleges
Your cart is empty.
  • Cart
  • Lists
    Public lists Eva Luna New books Lux_list list_1
    Your lists Log in to create your own lists
  • Log in to your account
  • Your cookies
  • Search history
Southville International School and Colleges
  • Advanced search
  • Recent comments
  • Most popular
  • Libraries

Log in to your account

Log in with GOOGLE


If you do not have an external account, but do have a local account, you can still log in:

  1. Home
  2. MARC view: Alice 2.0 :
Normal view MARC view ISBD view

Alice 2.0 : (Record no. 294209)

[ view plain ]
MARC details
000 -LEADER
fixed length control field 00776nam a2200265Ia 4500
008 - FIXED-LENGTH DATA ELEMENTS--GENERAL INFORMATION
fixed length control field 160517s9999 xx 000 0 und d
020 ## - INTERNATIONAL STANDARD BOOK NUMBER
International Standard Book Number 978-14188-5934-3
050 ## - LIBRARY OF CONGRESS CALL NUMBER
Classification number ComSc QA 76.64
050 ## - LIBRARY OF CONGRESS CALL NUMBER
Item number .S54 2007
100 ## - MAIN ENTRY--PERSONAL NAME
Personal name Shelly, Gary B.
245 ## - TITLE STATEMENT
Title Alice 2.0 :
245 ## - TITLE STATEMENT
Remainder of title introductory concepts and techniques /
245 ## - TITLE STATEMENT
Statement of responsibility, etc Gary B. Shelly, Thomas J. Cashman, Charles W. Herbert.
260 ## - PUBLICATION, DISTRIBUTION, ETC. (IMPRINT)
Place of publication, distribution, etc Australia :
260 ## - PUBLICATION, DISTRIBUTION, ETC. (IMPRINT)
Name of publisher, distributor, etc Thomson Course Tech.,
260 ## - PUBLICATION, DISTRIBUTION, ETC. (IMPRINT)
Date of publication, distribution, etc 2007
300 ## - PHYSICAL DESCRIPTION
Extent 248 pages :
300 ## - PHYSICAL DESCRIPTION
Other physical details col. ill. ;
300 ## - PHYSICAL DESCRIPTION
Dimensions 28 cm.
440 ## - SERIES STATEMENT/ADDED ENTRY--TITLE
Title Shelly Cashman series
500 ## - GENERAL NOTE
General note Includes index.
650 ## - SUBJECT ADDED ENTRY--TOPICAL TERM
Topical term or geographic name as entry element Alice (Computer file).
650 ## - SUBJECT ADDED ENTRY--TOPICAL TERM
Topical term or geographic name as entry element Three-dimensional display systems.
650 ## - SUBJECT ADDED ENTRY--TOPICAL TERM
General subdivision Object-oriented programming (Computer science).
Holdings
Withdrawn status Lost status Damaged status Home library Current library Shelving location Date acquired Total Checkouts Full call number Barcode Date last seen Price effective from Koha item type
      South Mansfield College South Mansfield College   01/12/2008   ComSc QA 76.64 .S54 2007 SMC05015 05/17/2016 05/17/2016  

Alice 2.0 :

APA

Shelly G. B., .Alice 2.0. Australia: .

Chicago

Shelly Gary B, .Alice 2.0. Australia: .

Harvard

Shelly G. B., .Alice 2.0. Australia: .

MLA

Shelly Gary B, .Australia: . .

  • Place hold
  • Print
  • Cite
  • Add to your cart (remove)
  • Save record
    BIBTEX Dublin Core MARCXML MARC (non-Unicode/MARC-8) MARC (Unicode/UTF-8) MARC (Unicode/UTF-8, Standard) MODS (XML) RIS
  • More searches
    Search for this title in:
    Other Libraries (WorldCat) Other Databases (Google Scholar) Online Stores (Bookfinder.com) Open Library (openlibrary.org)

Exporting to Dublin Core...

SOUTHVILLE LIBRARY

Southville International School and Colleges Library

1281 Tropical Ave. Cor. Luxembourg St., BF Homes International, Las Pinas City

Tel. No. 8256374 / 252358 Loc. 117/146

Powered by Koha